000 00647cam a2200193 i 4500
005 20251108172837.0
008 250721s1990 sy gr 000 0 ara d
082 1 4 _a133.89
_bع م ر
100 1 _aعمران، طالب
_eمؤلف.
245 1 0 _aالحاسة السادسة : دراسة في الظواهر الخارقة /
_cد. طالب عمران.
260 1 _c1990.
264 3 1 _aدمشق :
_bدار المعرفة،
_c 1990.
300 _a120صفحة.
650 1 7 _aعلم النفس.
650 1 7 _aالظواهر الخارقة.
650 1 7 _aالحاسة السادسة.
942 _2ddc
_cBK
999 _c89874
_d89874